Inculpación y castigo : ensayos sobre la filosofía del derecho penal /
Guardado en:
| Autor Principal: | |
|---|---|
| Otros Autores: | |
| Formato: | Desconocido |
| Idioma: | Spanish |
| Publicado: |
Buenos Aires :
Universidad de Palermo,
2017
|
| Edición: | 1a. ed. |
| Series: | Colección ciencias jurídicas
|
| Materias: | |
| Etiquetas: |
Agregar Etiqueta
Sin Etiquetas, Sea el primero en etiquetar este registro!
|
| LEADER | 00677nac a22001935a 4500 | ||
|---|---|---|---|
| 001 | DER.der013533 | ||
| 008 | 180615s2017####ag#||||||||||||||#||spa|| | ||
| 005 | 20241108095143.0 | ||
| 245 | 1 | 0 | |a Inculpación y castigo : |b ensayos sobre la filosofía del derecho penal / |c Gustavo A. Beade ; prólogo de Jaime Malamud Goti. |
| 250 | |a 1a. ed. | ||
| 260 | |a Buenos Aires : |b Universidad de Palermo, |c 2017 | ||
| 300 | |a 136 p. | ||
| 440 | 0 | |a Colección ciencias jurídicas | |
| 020 | |a 9789509887220 | ||
| 100 | 1 | |a Beade, Gustavo A. | |
| 700 | 1 | |a Malamud Goti, Jaime, |e prol. | |
| 650 | 7 | |a FILOSOFIA DEL DERECHO | |
| 650 | 7 | |a DERECHO PENAL | |
| 859 | |a DERECHO |b BIB. DERECHO |h 345.001 |i BEA |k 1.34 |p 008528 |t 1 | ||
